Vision constitucional del derecho a la igualdad de genero / (Registro nro. 24145)

Detalles MARC
000 -LEADER
fixed length control field 02186nam a22002417a 4500
003 - CONTROL NUMBER IDENTIFIER
control field DO-CoUTE
005 - DATE AND TIME OF LATEST TRANSACTION
control field 20260428143645.0
008 - FIXED-LENGTH DATA ELEMENTS--GENERAL INFORMATION
fixed length control field 260428b dr ||||| |||| 00| 0 spa d
020 ## - INTERNATIONAL STANDARD BOOK NUMBER
International Standard Book Number 978-9945-643-39-8
040 ## - CATALOGING SOURCE
Original cataloging agency DO-CoUTE
Language of cataloging spa
Transcribing agency DO-CoUTE
082 ## - DEWEY DECIMAL CLASSIFICATION NUMBER
Classification number RD323.34C733v
110 1# - MAIN ENTRY--CORPORATE NAME
Corporate name or jurisdiction name as entry element Comisión de igualdad de genero del tribunal constitucional
245 10 - TITLE STATEMENT
Title Vision constitucional del derecho a la igualdad de genero /
Remainder of title Comisión de igualdad de genero del tribunal constitucional
Statement of responsibility, etc. Vásquez Samuel Lino, Beard Marcos, Alba Luisa, Bonnelly Vega, Manuel Ulises, Santana, María del Carmen Vásquez Acosta, Eunisin.
260 ## - PUBLICATION, DISTRIBUTION, ETC.
Place of publication, distribution, etc. Republica Dominicana ;
Name of publisher, distributor, etc. IUDEX
Date of publication, distribution, etc. 2022
300 ## - PHYSICAL DESCRIPTION
Extent 364 Paginas :
Dimensions 23cm,
504 ## - BIBLIOGRAPHY, ETC. NOTE
Bibliography, etc. note Incluye referencia bibliográfica e índice.<br/>
505 ## - FORMATTED CONTENTS NOTE
Formatted contents note Marco conceptual sobre género, perspectiva de género. Diferencia entre el derecho a la igualdad de género y la equidad de género | II. Interpretación constitucional y alcance del derecho a la igualdad y a la igualdad de género. Principios rectores | III. Antecedentes históricos del derecho a igualdad de género en américa latina. Perspectiva de género en el derecho internacional de los derechos humanos | IV. Breve recorrido histórico de los derechos de las mujeres en la constitución dominicana. Análisis de las reformas constitucionales desde 1844 hasta nuestros días | V. Justicia constitucional, mujeres y género a la luz de la jurisprudencia del tribunal constitucional dominicano | VI. Análisis de sentencias constitucionales relevantes en materia de perspectiva de género, dictadas por los tribunales o asambleas constitucionales en Latinoamérica | VII. Justicia transicional y perspectiva de género | VIII. Derechos humanos laborales e igualdad de género | IX. Salud y derechos sexuales y reproductivos. Alcance y contenido | X. Acceso de las mujeres a la justicia XI. Cuota de género, participación política y conformación de las listas electorales |
650 #4 - SUBJECT ADDED ENTRY--TOPICAL TERM
Topical term or geographic name entry element Igualdad de genero
700 1# - ADDED ENTRY--PERSONAL NAME
Personal name Vásquez Samuel, Lino
Relator term Autor
700 1# - ADDED ENTRY--PERSONAL NAME
Personal name Beard Marcos, Alba Luisa
Relator term Autor
700 1# - ADDED ENTRY--PERSONAL NAME
Personal name Bonnelly Vega, Manuel Ulises
Relator term Autor
942 ## - ADDED ENTRY ELEMENTS (KOHA)
Source of classification or shelving scheme Dewey Decimal Classification
Koha item type Libros
Existencias
Withdrawn status Lost status Source of classification or shelving scheme Damaged status Not for loan Collection code Home library Current library Shelving location Date acquired Inventory number Total Checkouts Full call number Barcode Date last seen Copy number Price effective from Koha item type
    Dewey Decimal Classification     Colección Dominicana Biblioteca UTECO Biblioteca UTECO En Estantería 04/28/2026 023860   RD323.34C733v 023860 04/28/2026 Ej.1 04/28/2026 Libros
© 2021 Derechos Reservados UTECO - Teléfono: +1 809-585-2291 - Correo electrónico: biblioteca@uteco.edu.do​  
Código postal 43000 ​​
Dirección: Avenida Universitaria No. 100, 
Cotuí, Provincia Sánchez Ramírez, República Dominicana - RNC: 404-00059-6